[Event "CRO Champ"]
[Site "Bjelovar"]
[Date "2019.04.11"]
[Round "11.1"]
[White "Kozul, Zdenko"]
[Black "Bosiocic, Marin"]
[Result "0-1"]
[WhiteElo "2589"]
[BlackElo "2613"]
[PlyCount "56"]
[EventDate "2019.??.??"]
[WhiteClock "1:29:00"]
[BlackClock "1:30:00"]

1. d4 Nf6 2. c4 e6 3. g3 {These days, when playing against Kozul, you can more
or less count on facing the Catalan} Bb4+ 4. Nd2 c5 5. a3 Bxd2+ 6. Qxd2 cxd4 7.
Nf3 d5 8. cxd5 e5 $1 {A good choice of variation for a decisive game. Here
White needs to know what he is doing in order not to end up significantly worse
} 9. Bg2 (9. Nxe5 Qxd5 10. Nf3 Nc6 {Doesn't lead to advantage}) (9. Qg5 {As
played in my database seems like a critical test of Black's system.} Nbd7 10.
Nxe5 (10. Qxg7 {Leads to a draw after} Rg8 11. Qh6 Rg6 12. Qh4 Rg4 13. Qh6 Rg6)
10... O-O {With sharp play}) 9... Nbd7 10. O-O O-O {Now White has a concrete
problem - how is he going to defend his d-pawn?} 11. Nh4 $6 {A step in the
wrong direction} (11. e3 {Undermining Black's central chain, seems better} dxe3
12. Qxe3 Re8 (12... Nxd5 13. Qb3 N5f6 14. Bg5 {Leads to good compensation}) 13.
d6 {With complicated, double-edged play}) 11... Nb6 {Now d5 pawn is a goner}
12. e4 $6 (12. f4 {Is the comp's suggestion, but it is understandable why
Kozul didn't play it. After} Nfxd5 13. fxe5 Ne3 14. Rf4 Nbc4 {Things look
pretty ugly for White, even though he might survive}) 12... dxe3 13. Qxe3 e4 (
13... Re8 $5) 14. Rd1 $2 {But this loses a pawn without any compensation} (14.
f3 {Was already the only move} Nbxd5 15. Qd4 exf3 16. Nxf3 {And despite the
lost pawn, White's bishops have prospects and guarantee him some compensation})
14... Nbxd5 15. Qd4 Bg4 (15... Re8 {Is a serious alternative}) 16. Re1 Re8 {
Now White manages to regain the pawn, although Black is still better} 17. Bxe4
Nxe4 18. Rxe4 Rxe4 19. Qxe4 Nf6 20. Qa4 Qd5 21. Be3 Rd8 {The critical moment
of the game and the entire championship} (21... Bh3 {Is too early due to} 22.
Rd1) 22. Bxa7 $2 {Uncharacteristic of Kozul, who underestimates the danger.
His nerves probably failed him} (22. Ng2 {Transfering the knight to f4, was
the best move}) (22. Qf4 {Was also not bad, intending f3}) 22... Bh3 {Now g5
is a terrible threat, against which there is no defence. if White moves the
queen, then Qd1 also comes} 23. Re1 g5 24. f3 {Forced} gxh4 25. Qxh4 Qf5 {And
White can resign} 26. Bd4 Rd6 27. Bc3 h5 28. Kf2 Ng4+ {What a crushing game
against a strong opponent with the Black pieces!  Such a victory in a must-win
situation bears the hallmark of a true champion!} 0-1

[Event "CRO Champ"]
[Site "Bjelovar"]
[Date "2019.04.01"]
[Round "1.1"]
[White "Brkic, Ante"]
[Black "Bosiocic, Marin"]
[Result "1-0"]
[WhiteElo "2560"]
[BlackElo "2613"]
[PlyCount "72"]
[EventDate "2019.??.??"]

1. e4 e5 2. Nf3 Nc6 3. Bc4 {The Italian Game - a trendy way of avoiding the
bulletproof Berlin Defence.} Bc5 4. O-O Nf6 5. d3 a6 6. c3 Ba7 7. Bb3 {This
has all been played many times} (7. Bg5 {Is maybe a bit early, since Black
hasn't castled. But it is playable, of course} h6 8. Bh4 g5) 7... d6 8. Re1 O-O
9. h3 Be6 10. Nbd2 Re8 11. Nf1 d5 {Typical freeing move in various 1 e5 e5
openings, but in the given instance it is probably premature.} (11... h6 {
Controling the g5 square was logical}) (11... Qd7 {Maintaining the tension was
possible}) (11... Bxb3 {Was also playable} 12. Qxb3 Rb8 {And White is slightly
better}) 12. Ng5 $1 {The point. Now White gets a comfortable edge and the
bishop pair.} d4 $6 {From frying pan to fire. Now Black gets ugly doubled
pawns for no compensation} (12... Na5 13. Nxe6 Rxe6 14. Bc2 {Was probably
better. White retains a small plus.}) 13. Nxe6 fxe6 14. c4 $5 {A very
counterintuitive move, blocking the bishop. But White stops Black's
counterplay and has all the time in the world to prepare his own play.      It
was not strictly necessary, though.} (14. Nh2) (14. Qe2) 14... Rb8 {Hinting at
b5} 15. Bd2 Bc5 16. Ba4 b5 17. cxb5 axb5 18. Rc1 {A good move, forcing a piece
to d6 and increasing the strength of future f4} Qd6 (18... bxa4 19. Rxc5 {Is
terrible}) (18... Nd7 19. Bb3 Qe7 {Might be the best}) 19. Bb3 Nb4 20. Qe2 Na6
21. f4 $1 {The point of White's 18th move. Black can't take due to fork on e5}
Kh8 {This move tells a lot about Black's position. This prevents the threat of
f5, but gives White time} (21... Bb4 {Is the computer's suggestion, but after}
22. Bxb4 (22. fxe5 Qxe5 {And there is no Nf3}) 22... Nxb4 23. f5 c5 24. Bxe6+ {
The engine insists on} Rxe6 25. fxe6 Nxa2 {And claims Black has compensation.
It may well be so, but good luck playing it in an actual game.}) 22. Nh2 {
Going for f3. When you don't know what to do - improve your worst placed piece.
} Nd7 (22... Bb4 23. fxe5 Qxe5 24. Bxb4 Nxb4 25. a3 Na6 26. Nf3 {Now loses the
d4 pawn}) 23. fxe5 Qxe5 24. Nf3 Qg3 25. e5 Bb6 26. Rc6 (26. Ng5 $5) 26... Nac5
27. Bc2 Ra8 28. b4 $1 {A neat tactical blow.} Rxa2 {Trying to complicate
matters, but Brkic calculated correctly.} (28... Na6 29. Bb3 {Is hopeless}) 29.
Bb1 Rb2 (29... Rxd2 {Might have been the most resilient, but White's position
is won all the same}) 30. bxc5 {A piece is a piece... Black has no compensation
} Nxc5 31. Bf4 $1 {A final touchm which leads to simplification.} Rxe2 32. Bxg3
Rb2 33. Bf2 Rd8 34. Bxd4 Rxd4 35. Nxd4 Kg8 36. Kh1 b4 1-0

[Event "CRO Champ"]
[Site "Bjelovar"]
[Date "2019.04.04"]
[Round "4.3"]
[White "Zelcic, Robert"]
[Black "Kozul, Zdenko"]
[Result "1-0"]
[WhiteElo "2520"]
[BlackElo "2589"]
[PlyCount "99"]
[EventDate "2019.??.??"]
[WhiteClock "1:30:00"]
[BlackClock "1:30:00"]

1. e4 c5 {I don't think Zelcic plays anything else apart from 1 e4} 2. Nf3 {
And I don't think Kozul plays anything else against 1 e4} e6 {But this is a
small surprise. Kozul is one of the great experts of the Rauzer variation. He
probably wanted to mix things and surprise his opponent} 3. Nc3 a6 4. d4 cxd4
5. Nxd4 d6 {A standard Scheveningen set-up had appeared on the board} 6. Bd3 (
6. g4 {Has its merits}) 6... Nd7 7. O-O Ngf6 8. Be3 g6 $6 {But I am not sure
whether the fianchetto is the best combination with an early e6 -the d6 will
be weak and White has more targets on the kingside. According to my database
this was not played before} (8... Be7 {Is of course more normal}) 9. Qd2 Bg7
10. Rad1 O-O 11. Bh6 {Also probably not forced} (11. Nb3 {Also wants to target
d6, but the knight is better on d4 for the moment} b5 12. Be2 b4 13. Na4 Nxe4
14. Qxb4) (11. Be2 {Might be the most precise - preparing to target d6} Qc7 (
11... b5 12. Nc6) 12. Nb3 {And Black has to go for} d5 13. exd5 Nxd5 14. Nxd5
exd5 15. c3 {With clearly unfavourable isolani position}) 11... Qc7 12. Bxg7
Kxg7 13. Rfe1 {Now it is not so easy to target d6 and Black's set-up is
justified} b5 14. a4 b4 15. Na2 e5 16. Nb3 a5 17. Bb5 Nc5 18. Qxd6 Qxd6 19.
Rxd6 Nxb3 (19... Nfxe4 {Was playable, but complicated} 20. Rdd1 Nxb3 21. cxb3
Nf6 22. Rxe5 Be6 23. Bc4 Rad8 {A key move} 24. Rxd8 Rxd8 25. Kf1 Bxc4+ 26. bxc4
Rd1+ 27. Re1 (27. Ke2 Ra1) 27... Rd2 28. Re2 Rd1+ {And this long computer
variation ends in a draw. But I don't think Kozul was playing for a draw}) 20.
cxb3 Be6 21. Nc1 {Black has sufficient compensation for the pawn} Rfd8 ({Why
not} 21... Rfc8 {?}) 22. Rd3 Rd4 $2 {But this is a mistake} (22... Rdc8 {Was
still OK for Black - the White rook doesn't stand better on d3 than it stood
on d6}) 23. f3 (23. Rxd4 exd4 24. f3 {Transposes}) 23... Rc8 24. Rxd4 exd4 25.
Ne2 d3 {Trying to complicate matters} (25... Rc2 26. Nxd4 Rxb2 27. Re2 {And
White keeps control}) 26. Nd4 $1 {Keeping the pawn on b3} (26. Bxd3 Bxb3 {
Should be avoided}) 26... d2 27. Rd1 Rc1 28. Be2 $1 {Just in time} Nd7 29. Kf2
Nc5 30. Nxe6+ fxe6 31. Rxd2 Nxb3 {Now the endgame is close to winning for White
} 32. Rd7+ Kf6 33. f4 (33. Ke3 {Was probably cleaner} e5 34. Rxh7 Nd4 {But
Black does get a lot of activity.}) 33... e5 34. fxe5+ (34. g3) (34. Ke3) 34...
Kxe5 35. Rd5+ $1 {A fine move} Kf6 (35... Kxe4 {Would be a major blunder due to
} 36. Bf3+ Kf4 37. g3# {With checkmate}) 36. Ke3 Rc2 37. Rb5 {Preparing to
give some side checks} Rxb2 38. e5+ Ke7 (38... Kf5 {Seems more reasonable, but
there is a beautiful hidden point -} 39. Bd3+ Kg5 40. h4+ $3 {Diverting the
king} Kxh4 41. e6 {And the pawn decides}) 39. Bc4 Rc2 40. Bd5 (40. Bxb3 {Was
also good enough}) 40... Nc1 41. Rb7+ Kd8 42. e6 b3 43. e7+ Ke8 44. Kd4 b2 45.
Ke5 b1=Q 46. Rxb1 Kxe7 47. Rb7+ Ke8 48. Kd6 Kf8 49. Rf7+ Ke8 50. Rxh7 {And
here Black resigned. A very complicated and difficult game and a deserved
victory for Zelcic.} 1-0

[Event "CRO Champ"]
[Site "Bjelovar"]
[Date "2019.04.01"]
[Round "1.5"]
[White "Jovanovic, Zoran"]
[Black "Stevic, Hrvoje"]
[Result "1/2-1/2"]
[WhiteElo "2511"]
[BlackElo "2586"]
[PlyCount "33"]
[EventDate "2019.??.??"]

1. e4 e5 2. Nf3 Nc6 3. Bc4 Bc5 4. c3 Nf6 5. d3 d6 6. Bb3 a6 7. h3 h6 8. Nbd2
O-O 9. O-O Re8 10. Re1 Be6 11. Nf1 d5 12. Ng3 dxe4 13. dxe4 Qxd1 14. Rxd1 Bxb3
15. axb3 Rad8 16. Rxd8 Rxd8 17. Kf1 1/2-1/2

[Event "CRO Champ"]
[Site "Bjelovar"]
[Date "2019.04.02"]
[Round "2.2"]
[White "Stevic, Hrvoje"]
[Black "Kozul, Zdenko"]
[Result "1/2-1/2"]
[WhiteElo "2586"]
[BlackElo "2589"]
[PlyCount "40"]
[EventDate "2019.??.??"]
[WhiteClock "1:27:00"]
[BlackClock "1:30:00"]

1. e4 c5 2. c3 Nf6 3. e5 Nd5 4. Nf3 e6 5. Bc4 d6 6. d4 cxd4 7. cxd4 Be7 8. O-O
O-O 9. Re1 dxe5 10. dxe5 b6 11. Bxd5 Qxd5 12. Qxd5 exd5 13. Nc3 Bb4 14. Bd2
Bxc3 15. Bxc3 Nc6 16. Rac1 Be6 17. Nd4 Nxd4 18. Bxd4 Rfc8 19. b3 h5 20. f3 Kh7
1/2-1/2

[Event "CRO Champ"]
[Site "Bjelovar"]
[Date "2019.04.02"]
[Round "2.6"]
[White "Brkic, Ante"]
[Black "Saric, Ante"]
[Result "1/2-1/2"]
[WhiteElo "2560"]
[BlackElo "2530"]
[PlyCount "33"]
[EventDate "2019.??.??"]
[WhiteClock "1:30:00"]
[BlackClock "1:30:00"]

1. e4 e6 2. d4 d5 3. Nc3 Bb4 4. exd5 exd5 5. Bd3 Nc6 6. a3 Bxc3+ 7. bxc3 Nge7
8. Qf3 Be6 9. Ne2 Qd7 10. O-O O-O 11. Nf4 Bf5 12. Re1 Rae8 13. Bd2 Bxd3 14.
cxd3 Nd8 15. h3 c6 16. Qg4 Qxg4 17. hxg4 1/2-1/2

[Event "CRO Champ"]
[Site "Bjelovar"]
[Date "2019.04.03"]
[Round "3.1"]
[White "Saric, Ante"]
[Black "Bosiocic, Marin"]
[Result "1/2-1/2"]
[WhiteElo "2530"]
[BlackElo "2613"]
[PlyCount "29"]
[EventDate "2019.??.??"]
[WhiteClock "1:27:00"]
[BlackClock "0:01:00"]

1. d4 Nf6 2. Nf3 g6 3. g3 Bg7 4. Bg2 O-O 5. c4 c6 6. O-O d5 7. cxd5 cxd5 8. Nc3
Ne4 9. Ne5 Nxc3 10. bxc3 Nc6 11. Nxc6 bxc6 12. Qa4 Qb6 13. Bf4 Qa6 14. Qxa6
Bxa6 15. Rfe1 1/2-1/2

[Event "CRO Champ"]
[Site "Bjelovar"]
[Date "2019.04.04"]
[Round "4.4"]
[White "Kurajica, Bojan"]
[Black "Jovanovic, Zoran"]
[Result "1/2-1/2"]
[WhiteElo "2522"]
[BlackElo "2511"]
[PlyCount "24"]
[EventDate "2019.??.??"]
[WhiteClock "1:30:00"]
[BlackClock "1:30:00"]

1. d4 d6 2. g3 g6 3. Bg2 Bg7 4. Nf3 Nc6 5. O-O e5 6. dxe5 dxe5 7. Qxd8+ Nxd8 8.
Na3 Bd7 9. Rd1 Ne7 10. c3 f6 11. Ne1 Ndc6 12. e4 O-O-O 1/2-1/2

[Event "CRO Champ"]
[Site "Bjelovar"]
[Date "2019.04.05"]
[Round "5.6"]
[White "Stevic, Hrvoje"]
[Black "Saric, Ivan"]
[Result "1/2-1/2"]
[WhiteElo "2586"]
[BlackElo "2691"]
[PlyCount "22"]
[EventDate "2019.??.??"]
[WhiteClock "1:34:00"]
[BlackClock "1:34:00"]

1. c4 c5 2. Nc3 Nf6 3. g3 g6 4. Bg2 Bg7 5. d3 Nc6 6. Nf3 O-O 7. O-O b6 8. e4
Bb7 9. a3 d6 10. Rb1 e6 11. b4 Rb8 1/2-1/2